| 000 | 01067nam a22002297a 4500 | ||
|---|---|---|---|
| 003 | OSt | ||
| 005 | 20260124090404.0 | ||
| 008 | 230623b ||||| |||| 00| 0 eng d | ||
| 040 | _cSSBU | ||
| 041 | _ashan | ||
| 082 | _a294.3092 | ||
| 100 |
_aၵၼ်ႇထမႃႇသႃႇမိ _cၸဝ်ႈ _926660 |
||
| 245 |
_aလင်ႇၵႃႇဝၢၵ်ႇပိုၼ်းၸဝ်ႈသြႃႇပၼ်တိတဝတ်ႉသၼ်ပႃႇၵေႃႇ၊ ဝဵင်ႈၵဵင်းႁၢႆး၊ ၸိုင်ႈထႆး _cၸဝ်ႈၵၼ်ႇထမႃႇသႃႇမိ |
||
| 300 |
_aၸ၊ 96 ၼႃႈ _c22 ၸိၼ်ႇထီႇ |
||
| 500 | _aပပ်ႉၸဝ်ႈတႃႇၼႁင်းၶေႃတွၵ်ႉတိူဝ်ႇၸၢႆးဢွင်ႇထုၼ်းလူႇတၢၼ်းဝႆႉ | ||
| 500 | _aS-SAT: Dr. Prof Sai Aung Tun | ||
| 650 |
_aထေရုပ်ႉပတ်ႉတိ _920943 |
||
| 650 |
_aၸဝ်ႈသြႃႇပၼ်ႇတိတ _926661 |
||
| 942 | _cBK1 | ||
| 942 | _2ddc | ||
| 942 | _2ddc | ||
| 999 |
_c26267 _d26267 |
||